[Event "Benidorm Satellite preliminary"]
[Site "playchess.com #007036"]
[Date "2009.10.24"]
[Round "8"]
[White "Matematika"]
[Black "Nußhardt"]
[Result "1-0"]
[WhiteElo "2029"]
[BlackElo "1691"]
[PlyCount "103"]
[EventDate "2009.10.24"]
[EventType "swiss (blitz)"]

1. Nf3 {[%emt 0:00:01]} c5 {[%emt 0:00:02]} 2. c4 {[%emt 0:00:03]} d6 {[%emt 0:
00:02]} 3. g3 {[%emt 0:00:01]} e5 {[%emt 0:00:02]} 4. d3 {[%emt 0:00:02]} Nc6 {
[%emt 0:00:02]} 5. Bg2 {[%emt 0:00:01]} Bd7 {[%emt 0:00:06]} 6. O-O {[%emt 0:
00:01]} f5 {[%emt 0:00:03]} 7. Nc3 {[%emt 0:00:01]} Rb8 {[%emt 0:00:06]} 8. e4
{[%emt 0:00:03]} Nd4 {[%emt 0:00:05]} 9. Nd5 {[%emt 0:00:06]} fxe4 {[%emt 0:00:
07]} 10. dxe4 {[%emt 0:00:01]} Nf6 {[%emt 0:00:03]} 11. Bg5 {[%emt 0:00:09]}
Be7 {[%emt 0:00:03]} 12. Nxd4 {[%emt 0:00:07]} exd4 {[%emt 0:00:05]} 13. Bxf6 {
[%emt 0:00:07]} Bxf6 {[%emt 0:00:03]} 14. Qh5+ {[%emt 0:00:05]} g6 {[%emt 0:00:
03]} 15. Qf3 {[%emt 0:00:08]} O-O {[%emt 0:00:03]} 16. Qd3 {[%emt 0:00:06]} Bc6
{[%emt 0:00:07]} 17. f4 {[%emt 0:00:05]} Bxd5 {[%emt 0:00:04]} 18. exd5 {[%emt
0:00:06]} Kg7 {[%emt 0:00:03]} 19. f5 {[%emt 0:00:01]} Be5 {[%emt 0:00:04]} 20.
fxg6 {[%emt 0:00:04]} hxg6 {[%emt 0:00:03]} 21. Bh3 {[%emt 0:00:09]} Qg5 {
[%emt 0:00:08]} 22. Be6 {[%emt 0:00:11]} a6 {[%emt 0:00:11]} 23. a4 {[%emt 0:
00:02]} a5 {[%emt 0:00:02]} 24. Kg2 {[%emt 0:00:02]} b6 {[%emt 0:00:03]} 25. h4
{[%emt 0:00:10]} Qe7 {[%emt 0:00:15]} 26. Rae1 {[%emt 0:00:12]} Rxf1 {[%emt 0:
00:03]} 27. Rxf1 {[%emt 0:00:03]} Rf8 {[%emt 0:00:01]} 28. b3 {[%emt 0:00:05]}
Rxf1 {[%emt 0:00:03]} 29. Qxf1 {[%emt 0:00:01]} Qf6 {[%emt 0:00:02]} 30. Qd3 {
[%emt 0:00:04]} Kh6 {[%emt 0:00:20]} 31. Bg4 {[%emt 0:00:06]} g5 {[%emt 0:00:
09]} 32. h5 {[%emt 0:00:07]} Qg7 {[%emt 0:00:06]} 33. Qf5 {[%emt 0:00:05]} d3 {
[%emt 0:00:07]} 34. Qxd3 {[%emt 0:00:02]} Bd4 {[%emt 0:00:04]} 35. Qe4 {[%emt
0:00:07]} Qf6 {[%emt 0:00:02]} 36. Bf5 {[%emt 0:00:01]} Qe5 {[%emt 0:00:04]}
37. Qf3 {[%emt 0:00:07]} Qe1 {[%emt 0:00:08]} 38. Bg6 {[%emt 0:00:12]} Qg1+ {
[%emt 0:00:03]} 39. Kh3 {[%emt 0:00:01]} Qf2 {[%emt 0:00:11]} 40. Qxf2 {[%emt
0:00:04]} Bxf2 {[%emt 0:00:04]} 41. Kg4 {[%emt 0:00:05]} Bd4 {[%emt 0:00:05]}
42. Kf5 {[%emt 0:00:01]} Be5 {[%emt 0:00:02]} 43. g4 {[%emt 0:00:01]} Kg7 {
[%emt 0:00:11]} 44. Kxg5 {[%emt 0:00:02]} Bf6+ {[%emt 0:00:06]} 45. Kf5 {[%emt
0:00:01]} Bh4 {[%emt 0:00:02]} 46. g5 {[%emt 0:00:01]} Bg3 {[%emt 0:00:04]} 47.
h6+ {[%emt 0:00:01]} Kh8 {[%emt 0:00:03]} 48. Bh5 {[%emt 0:00:03]} Be5 {[%emt
0:00:05]} 49. g6 {[%emt 0:00:02]} Kg8 {[%emt 0:00:03]} 50. Ke6 {[%emt 0:00:06]}
Kh8 {[%emt 0:00:03]} 51. Kf7 {[%emt 0:00:02]} Bg7 {[%emt 0:00:16]} 52. hxg7# {
[%emt 0:00:02]} 1-0

[Event "Benidorm Satellite preliminary"]
[Site "playchess.com #007036"]
[Date "2009.10.24"]
[Round "8"]
[White "Casellina"]
[Black "Panosjoydome"]
[Result "0-1"]
[WhiteElo "1536"]
[BlackElo "1712"]
[PlyCount "96"]
[EventDate "2009.10.24"]
[EventType "swiss (blitz)"]

1. e4 {[%emt 0:00:02]} c5 {[%emt 0:00:05]} 2. Nf3 {[%emt 0:00:01]} Nc6 {[%emt
0:00:01]} 3. c3 {[%emt 0:00:01]} b6 {[%emt 0:00:03]} 4. d4 {[%emt 0:00:01]} d6
{[%emt 0:00:04]} 5. Bb5 {[%emt 0:00:10]} Bd7 {[%emt 0:00:03]} 6. d5 {[%emt 0:
00:03]} Ne5 {[%emt 0:00:03]} 7. Bxd7+ {[%emt 0:00:03]} Nxd7 {[%emt 0:00:06]} 8.
c4 {[%emt 0:00:04]} g6 {[%emt 0:00:06]} 9. O-O {[%emt 0:00:07]} Bg7 {[%emt 0:
00:01]} 10. Nc3 {[%emt 0:00:03]} Ne5 {[%emt 0:00:02]} 11. Nxe5 {[%emt 0:00:07]}
Bxe5 {[%emt 0:00:00]} 12. f4 {[%emt 0:00:02]} Bd4+ {[%emt 0:00:01]} 13. Kh1 {
[%emt 0:00:03]} Nf6 {[%emt 0:00:05]} 14. Nb5 {[%emt 0:00:11]} O-O {[%emt 0:00:
13]} 15. Nxd4 {[%emt 0:00:03]} cxd4 {[%emt 0:00:01]} 16. Qxd4 {[%emt 0:00:04]}
Rc8 {[%emt 0:00:02]} 17. b3 {[%emt 0:00:02]} Qd7 {[%emt 0:00:07]} 18. Bb2 {
[%emt 0:00:08]} Qg4 {[%emt 0:00:38]} 19. e5 {[%emt 0:00:26]} dxe5 {[%emt 0:00:
13]} 20. Qxe5 {[%emt 0:00:21]} Qf5 {[%emt 0:00:27]} 21. Qxf5 {[%emt 0:00:06]}
gxf5 {[%emt 0:00:00]} 22. Bxf6 {[%emt 0:00:03]} exf6 {[%emt 0:00:00]} 23. Rfe1
{[%emt 0:00:02]} Rfe8 {[%emt 0:00:00]} 24. Kg1 {[%emt 0:00:03]} Re4 {[%emt 0:
00:07]} 25. Rxe4 {[%emt 0:00:02]} fxe4 {[%emt 0:00:01]} 26. Kf2 {[%emt 0:00:02]
} Kg7 {[%emt 0:00:06]} 27. Re1 {[%emt 0:00:02]} f5 {[%emt 0:00:01]} 28. g4 {
[%emt 0:00:06]} Kf6 {[%emt 0:00:02]} 29. g5+ {[%emt 0:00:08]} Ke7 {[%emt 0:00:
06]} 30. Ke3 {[%emt 0:00:02]} b5 {[%emt 0:00:04]} 31. Kd4 {[%emt 0:00:04]} bxc4
{[%emt 0:00:03]} 32. bxc4 {[%emt 0:00:01]} Kd6 {[%emt 0:00:05]} 33. Rb1 {[%emt
0:00:05]} Rc7 {[%emt 0:00:02]} 34. a4 {[%emt 0:00:11]} Rc8 {[%emt 0:00:22]} 35.
Rb3 {[%emt 0:00:06]} Rc7 {[%emt 0:00:02]} 36. a5 {[%emt 0:00:04]} Rc8 {[%emt 0:
00:04]} 37. a6 {[%emt 0:00:03]} Rc7 {[%emt 0:00:02]} 38. Rb7 {[%emt 0:00:01]}
Rxb7 {[%emt 0:00:04]} 39. axb7 {[%emt 0:00:02]} Kc7 {[%emt 0:00:00]} 40. c5 {
[%emt 0:00:25]} Kxb7 {[%emt 0:00:02]} 41. Kc4 {[%emt 0:00:02]} a5 {[%emt 0:00:
05]} 42. c6+ {[%emt 0:00:07]} Kc8 {[%emt 0:00:05]} 43. d6 {[%emt 0:00:01]} a4 {
[%emt 0:00:05]} 44. Kb4 {[%emt 0:00:02]} e3 {[%emt 0:00:02]} 45. Kxa4 {[%emt 0:
00:01]} e2 {[%emt 0:00:02]} 46. Kb5 {[%emt 0:00:00]} e1=Q {[%emt 0:00:03]} 47.
Kb6 {[%emt 0:00:01]} Qb4+ {[%emt 0:00:02]} 48. Ka7 {[%emt 0:00:02]} Qxd6 {
[%emt 0:00:02] Casellina resigns} 0-1

[Event "Benidorm Satellite preliminary"]
[Site "playchess.com #007036"]
[Date "2009.10.24"]
[Round "8"]
[White "High_me"]
[Black "Direchess"]
[Result "1-0"]
[WhiteElo "2523"]
[BlackElo "2004"]
[PlyCount "69"]
[EventDate "2009.10.24"]
[EventType "swiss (blitz)"]

1. e4 {[%emt 0:00:02]} c5 {[%emt 0:00:01]} 2. Nf3 {[%emt 0:00:01]} e6 {[%emt 0:
00:01]} 3. d4 {[%emt 0:00:01]} cxd4 {[%emt 0:00:00]} 4. Nxd4 {[%emt 0:00:01]}
Nc6 {[%emt 0:00:00]} 5. c4 {[%emt 0:00:03]} Bc5 {[%emt 0:00:02]} 6. Nb3 {[%emt
0:00:05]} Be7 {[%emt 0:00:02]} 7. Nc3 {[%emt 0:00:01]} Nf6 {[%emt 0:00:01]} 8.
Be2 {[%emt 0:00:06]} a6 {[%emt 0:00:02]} 9. O-O {[%emt 0:00:01]} Qc7 {[%emt 0:
00:02]} 10. Be3 {[%emt 0:00:10]} h5 {[%emt 0:00:02]} 11. f4 {[%emt 0:00:01]} b6
{[%emt 0:00:10]} 12. e5 {[%emt 0:00:11]} Ng4 {[%emt 0:00:06]} 13. Bxg4 {[%emt
0:00:01]} hxg4 {[%emt 0:00:00]} 14. Qxg4 {[%emt 0:00:00]} g6 {[%emt 0:00:01]}
15. Rac1 {[%emt 0:00:03]} Bb7 {[%emt 0:00:02]} 16. Nd5 {[%emt 0:00:10]} exd5 {
[%emt 0:00:11]} 17. cxd5 {[%emt 0:00:00]} Nxe5 {[%emt 0:00:06]} 18. fxe5 {
[%emt 0:00:01]} Qxe5 {[%emt 0:00:12]} 19. Bd4 {[%emt 0:00:01]} Qxh2+ {[%emt 0:
00:03]} 20. Kf2 {[%emt 0:00:03]} Rh4 {[%emt 0:00:31]} 21. Qe2 {[%emt 0:01:57]}
Bxd5 {[%emt 0:00:18]} 22. Ke1 {[%emt 0:00:21]} Re4 {[%emt 0:00:22]} 23. Be3 {
[%emt 0:00:02]} Qg3+ {[%emt 0:00:32] '} 24. Kd2 {[%emt 0:00:01]} Bb4+ {[%emt 0:
00:04]} 25. Kd3 {[%emt 0:00:10]} Kf8 {[%emt 0:00:31]} 26. Qf2 {[%emt 0:00:13]}
Qd6 {[%emt 0:00:17]} 27. Nd4 {[%emt 0:00:02]} Bc5 {[%emt 0:00:06]} 28. b4 {
[%emt 0:00:02]} Bxd4 {[%emt 0:00:02]} 29. Bxd4 {[%emt 0:00:00]} Rae8 {[%emt 0:
00:02]} 30. Qf6 {[%emt 0:00:02]} Qxf6 {[%emt 0:00:03]} 31. Rxf6 {[%emt 0:00:00]
} Bxa2 {[%emt 0:00:06]} 32. Bxb6 {[%emt 0:00:02]} R4e6 {[%emt 0:00:05]} 33. Bd4
{[%emt 0:00:02]} Bd5 {[%emt 0:00:04]} 34. Rh1 {[%emt 0:00:01]} Rxf6 {[%emt 0:
00:01]} 35. Bxf6 {[%emt 0:00:00] Tiempo} 1-0

[Event "Benidorm Satellite preliminary"]
[Site "playchess.com #007036"]
[Date "2009.10.24"]
[Round "8"]
[White "Hauberk"]
[Black "Phlegias"]
[Result "1-0"]
[WhiteElo "2376"]
[BlackElo "1942"]
[PlyCount "87"]
[EventDate "2009.10.24"]
[EventType "swiss (blitz)"]

1. e4 {[%emt 0:00:01]} c5 {[%emt 0:00:01]} 2. Nc3 {[%emt 0:00:01]} Nc6 {[%emt
0:00:02]} 3. Nf3 {[%emt 0:00:01]} g6 {[%emt 0:00:02]} 4. d4 {[%emt 0:00:02]}
cxd4 {[%emt 0:00:01]} 5. Nxd4 {[%emt 0:00:00]} Bg7 {[%emt 0:00:02]} 6. Nde2 {
[%emt 0:00:00]} d6 {[%emt 0:00:02]} 7. g3 {[%emt 0:00:00]} Nf6 {[%emt 0:00:01]}
8. Bg2 {[%emt 0:00:01]} O-O {[%emt 0:00:01]} 9. O-O {[%emt 0:00:00]} Bd7 {
[%emt 0:00:05]} 10. h3 {[%emt 0:00:03]} Qc8 {[%emt 0:00:02]} 11. Kh2 {[%emt 0:
00:02]} Rb8 {[%emt 0:00:01]} 12. a4 {[%emt 0:00:04]} a6 {[%emt 0:00:08]} 13.
Nd5 {[%emt 0:00:07]} b5 {[%emt 0:00:06]} 14. axb5 {[%emt 0:00:01]} axb5 {[%emt
0:00:01]} 15. c3 {[%emt 0:00:10]} Re8 {[%emt 0:00:02]} 16. Bg5 {[%emt 0:00:03]}
Nxd5 {[%emt 0:00:30]} 17. exd5 {[%emt 0:00:02]} Ne5 {[%emt 0:00:01]} 18. b3 {
[%emt 0:00:06]} b4 {[%emt 0:00:08]} 19. f4 {[%emt 0:00:05]} f6 {[%emt 0:00:08]}
20. fxe5 {[%emt 0:00:03]} fxg5 {[%emt 0:00:01]} 21. e6 {[%emt 0:00:02]} Bb5 {
[%emt 0:00:02]} 22. c4 {[%emt 0:00:02]} Ba6 {[%emt 0:00:01]} 23. Rf7 {[%emt 0:
00:12]} Bf6 {[%emt 0:00:08]} 24. Nd4 {[%emt 0:00:11]} Bb7 {[%emt 0:00:06]} 25.
Qd3 {[%emt 0:00:23]} Qc5 {[%emt 0:00:04]} 26. Rd1 {[%emt 0:00:06]} Ra8 {[%emt
0:00:05]} 27. Nc2 {[%emt 0:00:09]} Ra2 {[%emt 0:00:07]} 28. Ne3 {[%emt 0:00:01]
} Rf8 {[%emt 0:00:17]} 29. Rxf8+ {[%emt 0:00:07]} Kxf8 {[%emt 0:00:00]} 30. Ng4
{[%emt 0:00:01]} Rb2 {[%emt 0:00:39]} 31. Rf1 {[%emt 0:00:02]} Kg7 {[%emt 0:00:
02]} 32. Qf3 {[%emt 0:00:34]} Qd4 {[%emt 0:00:06]} 33. Nxf6 {[%emt 0:00:01]}
exf6 {[%emt 0:00:15]} 34. e7 {[%emt 0:00:03]} Qe5 {[%emt 0:00:04]} 35. e8=Q {
[%emt 0:00:31]} Qxe8 {[%emt 0:00:01]} 36. Qxf6+ {[%emt 0:00:01]} Kg8 {[%emt 0:
00:01]} 37. h4 {[%emt 0:00:11]} gxh4 {[%emt 0:00:11]} 38. Rf4 {[%emt 0:00:02]}
Rxb3 {[%emt 0:00:05]} 39. Re4 {[%emt 0:00:06]} Qf8 {[%emt 0:00:08]} 40. Qxh4 {
[%emt 0:00:10]} Rc3 {[%emt 0:00:11]} 41. Re7 {[%emt 0:00:01]} h6 {[%emt 0:00:
19]} 42. Rxb7 {[%emt 0:00:02]} g5 {[%emt 0:00:01]} 43. Qh5 {[%emt 0:00:05]}
Rxc4 {[%emt 0:00:03]} 44. Qg6+ {[%emt 0:00:01] Zeit} 1-0

[Event "Benidorm Satellite preliminary"]
[Site "playchess.com #007036"]
[Date "2009.10.24"]
[Round "8"]
[White "Rpughiii"]
[Black "Retep1"]
[Result "0-1"]
[WhiteElo "1334"]
[BlackElo "1667"]
[PlyCount "82"]
[EventDate "2009.10.24"]
[EventType "swiss (blitz)"]

1. e4 {[%emt 0:00:02]} c5 {[%emt 0:00:06]} 2. Nf3 {[%emt 0:00:02]} d6 {[%emt 0:
00:04]} 3. d3 {[%emt 0:00:03]} Nc6 {[%emt 0:00:11]} 4. g3 {[%emt 0:00:04]} g6 {
[%emt 0:00:04]} 5. Bg2 {[%emt 0:00:01]} Bg7 {[%emt 0:00:05]} 6. O-O {[%emt 0:
00:01]} Nf6 {[%emt 0:00:07]} 7. Nbd2 {[%emt 0:00:01]} O-O {[%emt 0:00:04]} 8.
Nh4 {[%emt 0:00:08]} e5 {[%emt 0:00:10]} 9. Nc4 {[%emt 0:00:24]} b5 {[%emt 0:
00:13]} 10. Ne3 {[%emt 0:00:02]} Bd7 {[%emt 0:00:12]} 11. Nd5 {[%emt 0:00:16]}
Nxd5 {[%emt 0:00:08]} 12. exd5 {[%emt 0:00:01]} Nd4 {[%emt 0:00:04]} 13. c3 {
[%emt 0:00:02]} Nf5 {[%emt 0:00:08]} 14. Nxf5 {[%emt 0:00:03]} Bxf5 {[%emt 0:
00:06]} 15. Be3 {[%emt 0:00:09]} a5 {[%emt 0:00:03]} 16. d4 {[%emt 0:00:01]}
exd4 {[%emt 0:00:10]} 17. cxd4 {[%emt 0:00:02]} c4 {[%emt 0:00:05]} 18. Rc1 {
[%emt 0:00:07]} Qb6 {[%emt 0:00:05]} 19. Qd2 {[%emt 0:00:03]} Bd3 {[%emt 0:00:
15]} 20. Rfe1 {[%emt 0:00:06]} Rfe8 {[%emt 0:00:02]} 21. b3 {[%emt 0:00:08]}
Bxd4 {[%emt 0:00:13]} 22. Bxd4 {[%emt 0:00:12]} Qxd4 {[%emt 0:00:06]} 23. bxc4
{[%emt 0:00:04]} Rxe1+ {[%emt 0:00:12]} 24. Rxe1 {[%emt 0:00:04]} bxc4 {[%emt
0:00:02]} 25. Re7 {[%emt 0:00:12]} Rb8 {[%emt 0:00:08]} 26. h3 {[%emt 0:00:29]}
c3 {[%emt 0:00:08]} 27. Qh6 {[%emt 0:00:25]} c2 {[%emt 0:00:03]} 28. Rxf7 {
[%emt 0:00:19]} Rb1+ {[%emt 0:00:13]} 29. Kh2 {[%emt 0:00:05]} Kxf7 {[%emt 0:
00:03]} 30. Qxh7+ {[%emt 0:00:01]} Ke8 {[%emt 0:00:05]} 31. Qg8+ {[%emt 0:00:
04]} Kd7 {[%emt 0:00:01]} 32. Qe6+ {[%emt 0:00:02]} Kc7 {[%emt 0:00:02]} 33.
Qe7+ {[%emt 0:00:02]} Kb6 {[%emt 0:00:02]} 34. Qxd6+ {[%emt 0:00:03]} Kb7 {
[%emt 0:00:01]} 35. Qc6+ {[%emt 0:00:04]} Ka7 {[%emt 0:00:01]} 36. d6 {[%emt 0:
00:03]} Qc4 {[%emt 0:00:08]} 37. Qa8+ {[%emt 0:00:03]} Kb6 {[%emt 0:00:02]} 38.
Qb7+ {[%emt 0:00:08]} Kc5 {[%emt 0:00:01] Rpughiii offers a draw} 39. Qc6+ {
[%emt 0:00:03]} Kd4 {[%emt 0:00:01]} 40. Qxc4+ {[%emt 0:00:09]} Kxc4 {[%emt 0:
00:01]} 41. d7 {[%emt 0:00:00]} Rb8 {[%emt 0:00:01] Time} 0-1

[Event "Benidorm Satellite preliminary"]
[Site "playchess.com #007036"]
[Date "2009.10.24"]
[Round "8"]
[White "Heinz53"]
[Black "Goldaxe"]
[Result "0-1"]
[WhiteElo "1720"]
[BlackElo "2081"]
[PlyCount "116"]
[EventDate "2009.10.24"]
[EventType "swiss (blitz)"]

1. e4 {[%emt 0:00:01]} c5 {[%emt 0:00:01]} 2. d4 {[%emt 0:00:00]} cxd4 {[%emt
0:00:02]} 3. c3 {[%emt 0:00:00]} Nf6 {[%emt 0:00:01]} 4. e5 {[%emt 0:00:01]}
Nd5 {[%emt 0:00:01]} 5. cxd4 {[%emt 0:00:00]} d6 {[%emt 0:00:01]} 6. exd6 {
[%emt 0:00:01]} Qxd6 {[%emt 0:00:02]} 7. Nc3 {[%emt 0:00:00]} Nc6 {[%emt 0:00:
03]} 8. Nf3 {[%emt 0:00:02]} Bg4 {[%emt 0:00:03]} 9. Be2 {[%emt 0:00:01]} e6 {
[%emt 0:00:03]} 10. O-O {[%emt 0:00:01]} Be7 {[%emt 0:00:02]} 11. Ne4 {[%emt 0:
00:03]} Qd8 {[%emt 0:00:06]} 12. h3 {[%emt 0:00:13]} Bh5 {[%emt 0:00:03]} 13.
a3 {[%emt 0:00:06]} O-O {[%emt 0:00:02]} 14. b4 {[%emt 0:00:02]} a6 {[%emt 0:
00:17]} 15. Bb2 {[%emt 0:00:02]} Rc8 {[%emt 0:00:05]} 16. Nc5 {[%emt 0:00:07]}
Rb8 {[%emt 0:00:21]} 17. Ne5 {[%emt 0:00:07]} Bxe2 {[%emt 0:00:06]} 18. Qxe2 {
[%emt 0:00:01]} Nxe5 {[%emt 0:00:02]} 19. dxe5 {[%emt 0:00:04]} Bxc5 {[%emt 0:
00:06]} 20. bxc5 {[%emt 0:00:02]} Qe7 {[%emt 0:00:03]} 21. Bd4 {[%emt 0:00:06]}
Rfd8 {[%emt 0:00:04]} 22. Rfd1 {[%emt 0:00:01]} Rbc8 {[%emt 0:00:05]} 23. Rac1
{[%emt 0:00:02]} Qd7 {[%emt 0:00:11]} 24. Bb2 {[%emt 0:00:29]} Qa4 {[%emt 0:00:
06]} 25. Qc4 {[%emt 0:00:09]} Qxc4 {[%emt 0:00:05]} 26. Rxc4 {[%emt 0:00:01]}
b5 {[%emt 0:00:08]} 27. Rcc1 {[%emt 0:00:08]} Rc6 {[%emt 0:00:04]} 28. g3 {
[%emt 0:00:05]} Rdc8 {[%emt 0:00:02]} 29. Bd4 {[%emt 0:00:01]} h6 {[%emt 0:00:
12]} 30. f4 {[%emt 0:00:03]} g5 {[%emt 0:00:03]} 31. fxg5 {[%emt 0:00:26]} hxg5
{[%emt 0:00:00]} 32. Kf2 {[%emt 0:00:02]} Ne7 {[%emt 0:00:08]} 33. Kf3 {[%emt
0:00:06]} Nf5 {[%emt 0:00:02]} 34. Bf2 {[%emt 0:00:03]} Kg7 {[%emt 0:00:04]}
35. g4 {[%emt 0:00:02]} Ne7 {[%emt 0:00:07]} 36. Ke4 {[%emt 0:00:12]} Kg6 {
[%emt 0:00:05]} 37. h4 {[%emt 0:00:07]} gxh4 {[%emt 0:00:03]} 38. Bxh4 {[%emt
0:00:01]} Nd5 {[%emt 0:00:07]} 39. Bf2 {[%emt 0:00:04]} a5 {[%emt 0:00:03]} 40.
Rh1 {[%emt 0:00:06]} b4 {[%emt 0:00:05]} 41. axb4 {[%emt 0:00:04]} axb4 {[%emt
0:00:01]} 42. g5 {[%emt 0:00:05]} Nc3+ {[%emt 0:00:12]} 43. Kd3 {[%emt 0:00:08]
} Nd5 {[%emt 0:00:14]} 44. Ke4 {[%emt 0:00:01]} b3 {[%emt 0:00:02]} 45. Rh6+ {
[%emt 0:00:02]} Kg7 {[%emt 0:00:03]} 46. Rch1 {[%emt 0:00:04]} Kf8 {[%emt 0:00:
03]} 47. g6 {[%emt 0:00:09]} f5+ {[%emt 0:00:20]} 48. exf6 {[%emt 0:00:02]}
Nxf6+ {[%emt 0:00:02]} 49. Ke5 {[%emt 0:00:00]} Ng4+ {[%emt 0:00:01]} 50. Kf4 {
[%emt 0:00:04]} Nxh6 {[%emt 0:00:04]} 51. Rxh6 {[%emt 0:00:01]} b2 {[%emt 0:00:
03]} 52. Rh8+ {[%emt 0:00:02]} Kg7 {[%emt 0:00:02]} 53. Bd4+ {[%emt 0:00:03]}
Kxg6 {[%emt 0:00:02]} 54. Rxc8 {[%emt 0:00:04]} Rxc8 {[%emt 0:00:02]} 55. Bxb2
{[%emt 0:00:00]} Rxc5 {[%emt 0:00:02]} 56. Ke3 {[%emt 0:00:03]} Kf5 {[%emt 0:
00:02]} 57. Bd4 {[%emt 0:00:02]} Ra5 {[%emt 0:00:02]} 58. Bh8 {[%emt 0:00:03]}
e5 {[%emt 0:00:02] Heinz53 gibt auf} 0-1

[Event "Benidorm Satellite preliminary"]
[Site "playchess.com #007036"]
[Date "2009.10.24"]
[Round "8"]
[White "huseyinist"]
[Black "Vijayvikram"]
[Result "0-1"]
[WhiteElo "1471"]
[BlackElo "1755"]
[PlyCount "94"]
[EventDate "2009.10.24"]
[EventType "swiss (blitz)"]

1. e4 {[%emt 0:00:04]} c5 {[%emt 0:00:01]} 2. Nf3 {[%emt 0:00:01]} d6 {[%emt 0:
00:01]} 3. d4 {[%emt 0:00:01]} cxd4 {[%emt 0:00:00]} 4. Nxd4 {[%emt 0:00:00]}
Nf6 {[%emt 0:00:00]} 5. Nc3 {[%emt 0:00:01]} Nc6 {[%emt 0:00:00]} 6. Be3 {
[%emt 0:00:02]} e6 {[%emt 0:00:01]} 7. Bc4 {[%emt 0:00:04]} Be7 {[%emt 0:00:05]
} 8. Bb3 {[%emt 0:00:02]} a6 {[%emt 0:00:03]} 9. O-O {[%emt 0:00:01]} Qc7 {
[%emt 0:00:05]} 10. f4 {[%emt 0:00:11]} O-O {[%emt 0:00:17]} 11. Qf3 {[%emt 0:
00:08]} Bd7 {[%emt 0:00:06]} 12. Rae1 {[%emt 0:00:09]} b5 {[%emt 0:00:28]} 13.
Bf2 {[%emt 0:00:36]} b4 {[%emt 0:00:34]} 14. Nd1 {[%emt 0:00:21]} a5 {[%emt 0:
00:32]} 15. a4 {[%emt 0:00:40]} bxa3 {[%emt 0:00:14]} 16. bxa3 {[%emt 0:00:01]}
a4 {[%emt 0:00:15]} 17. Ba2 {[%emt 0:00:01]} Nxd4 {[%emt 0:00:13]} 18. Bxd4 {
[%emt 0:00:02]} Bb5 {[%emt 0:00:02]} 19. Rf2 {[%emt 0:00:08]} Bc4 {[%emt 0:00:
14]} 20. Bxc4 {[%emt 0:00:20]} Qxc4 {[%emt 0:00:01]} 21. Qd3 {[%emt 0:00:09]}
Rfc8 {[%emt 0:00:03]} 22. Qxc4 {[%emt 0:00:09]} Rxc4 {[%emt 0:00:01]} 23. Bxf6
{[%emt 0:00:06]} Bxf6 {[%emt 0:00:02]} 24. e5 {[%emt 0:00:02]} dxe5 {[%emt 0:
00:08]} 25. fxe5 {[%emt 0:00:03]} Be7 {[%emt 0:00:02]} 26. Re3 {[%emt 0:00:04]}
Bc5 {[%emt 0:00:02]} 27. Kf1 {[%emt 0:00:14]} Bxe3 {[%emt 0:00:04]} 28. Nxe3 {
[%emt 0:00:02]} Rc3 {[%emt 0:00:01]} 29. Ke2 {[%emt 0:00:06]} Rxa3 {[%emt 0:00:
01]} 30. Kd2 {[%emt 0:00:01]} Rc8 {[%emt 0:00:07]} 31. Rf1 {[%emt 0:00:06]} h6
{[%emt 0:00:04]} 32. Rb1 {[%emt 0:00:03]} Rcc3 {[%emt 0:00:04]} 33. Nd1 {[%emt
0:00:03]} Rc5 {[%emt 0:00:01]} 34. Nb2 {[%emt 0:00:04]} Rxe5 {[%emt 0:00:03]}
35. Nd3 {[%emt 0:00:01]} Rd5 {[%emt 0:00:01]} 36. Rb4 {[%emt 0:00:05]} Ra1 {
[%emt 0:00:03]} 37. Kc3 {[%emt 0:00:01]} Rg1 {[%emt 0:00:02]} 38. g3 {[%emt 0:
00:02]} Rh1 {[%emt 0:00:02]} 39. h4 {[%emt 0:00:02]} Rh3 {[%emt 0:00:01]} 40.
Rg4 {[%emt 0:00:01]} f5 {[%emt 0:00:05]} 41. Rg6 {[%emt 0:00:02]} Kf7 {[%emt 0:
00:02]} 42. Rxh6 {[%emt 0:00:03]} gxh6 {[%emt 0:00:01]} 43. Kb4 {[%emt 0:00:01]
} Rxd3 {[%emt 0:00:02]} 44. cxd3 {[%emt 0:00:02]} Rxg3 {[%emt 0:00:00]} 45.
Kxa4 {[%emt 0:00:00]} Rxd3 {[%emt 0:00:01]} 46. Kb4 {[%emt 0:00:00]} Rh3 {
[%emt 0:00:01]} 47. Kc4 {[%emt 0:00:00]} Rxh4+ {[%emt 0:00:01] huseyinist Terk}
0-1

[Event "Benidorm Satellite preliminary"]
[Site "playchess.com #007036"]
[Date "2009.10.24"]
[Round "8"]
[White "Franky Bono"]
[Black "Mateusz-Morfeusz"]
[Result "0-1"]
[WhiteElo "2086"]
[BlackElo "2467"]
[PlyCount "100"]
[EventDate "2009.10.24"]
[EventType "swiss (blitz)"]

1. d4 {[%emt 0:00:02]} Nf6 {[%emt 0:00:02]} 2. c4 {[%emt 0:00:01]} e6 {[%emt 0:
00:01]} 3. Nc3 {[%emt 0:00:01]} Bb4 {[%emt 0:00:01]} 4. e3 {[%emt 0:00:01]} c5
{[%emt 0:00:03]} 5. Bd3 {[%emt 0:00:03]} Bxc3+ {[%emt 0:00:01]} 6. bxc3 {[%emt
0:00:01]} Nc6 {[%emt 0:00:00]} 7. Nf3 {[%emt 0:00:05]} d6 {[%emt 0:00:01]} 8.
O-O {[%emt 0:00:03]} h6 {[%emt 0:00:02]} 9. Re1 {[%emt 0:00:02]} O-O {[%emt 0:
00:02]} 10. e4 {[%emt 0:00:01]} e5 {[%emt 0:00:00]} 11. h3 {[%emt 0:00:06]} b6
{[%emt 0:00:07]} 12. Be3 {[%emt 0:00:02]} Ba6 {[%emt 0:00:02]} 13. Qe2 {[%emt
0:00:01]} Rc8 {[%emt 0:00:05]} 14. a4 {[%emt 0:00:02]} Qe7 {[%emt 0:00:04]} 15.
Nh4 {[%emt 0:00:33]} Rfe8 {[%emt 0:00:09]} 16. Nf5 {[%emt 0:00:02]} Qf8 {[%emt
0:00:00]} 17. Qf3 {[%emt 0:00:08]} Nh7 {[%emt 0:00:01]} 18. Qg4 {[%emt 0:00:14]
} Kh8 {[%emt 0:00:02]} 19. f4 {[%emt 0:00:17]} exd4 {[%emt 0:00:29]} 20. cxd4 {
[%emt 0:00:02]} g6 {[%emt 0:00:01]} 21. Ng3 {[%emt 0:00:06]} Nxd4 {[%emt 0:00:
01]} 22. f5 {[%emt 0:00:25]} Qg7 {[%emt 0:00:33]} 23. a5 {[%emt 0:00:11]} Nb3 {
[%emt 0:00:15]} 24. Ra3 {[%emt 0:00:05]} Nxa5 {[%emt 0:00:01]} 25. Bd2 {[%emt
0:00:05]} Nf6 {[%emt 0:00:16]} 26. Qf4 {[%emt 0:00:01]} g5 {[%emt 0:00:01]} 27.
Qxd6 {[%emt 0:00:01]} Rcd8 {[%emt 0:00:03]} 28. Qc7 {[%emt 0:00:03]} Rd7 {
[%emt 0:00:03]} 29. Nh5 {[%emt 0:00:16]} Rxc7 {[%emt 0:00:27]} 30. Nxg7 {[%emt
0:00:02]} Kxg7 {[%emt 0:00:00]} 31. Bxa5 {[%emt 0:00:02]} bxa5 {[%emt 0:00:01]}
32. Rxa5 {[%emt 0:00:01]} Bc8 {[%emt 0:00:25]} 33. e5 {[%emt 0:00:04]} Nh5 {
[%emt 0:00:04]} 34. Kf2 {[%emt 0:00:27]} Nf4 {[%emt 0:00:07]} 35. Bc2 {[%emt 0:
00:07]} Rd8 {[%emt 0:00:07]} 36. Ra2 {[%emt 0:00:19]} Nd3+ {[%emt 0:00:04]} 37.
Bxd3 {[%emt 0:00:03]} Rxd3 {[%emt 0:00:00]} 38. e6 {[%emt 0:00:03]} fxe6 {
[%emt 0:00:09]} 39. fxe6 {[%emt 0:00:01]} Re7 {[%emt 0:00:01]} 40. Re5 {[%emt
0:00:03]} Bxe6 {[%emt 0:00:11]} 41. Ra6 {[%emt 0:00:03]} Kf6 {[%emt 0:00:01]}
42. Rxc5 {[%emt 0:00:02]} Rc3 {[%emt 0:00:00]} 43. Rcc6 {[%emt 0:00:01]} Ke5 {
[%emt 0:00:05]} 44. c5 {[%emt 0:00:01]} h5 {[%emt 0:00:02]} 45. g4 {[%emt 0:00:
01]} hxg4 {[%emt 0:00:03]} 46. hxg4 {[%emt 0:00:00]} Bxg4 {[%emt 0:00:00]} 47.
Rg6 {[%emt 0:00:00]} Kf4 {[%emt 0:00:06]} 48. Ra4+ {[%emt 0:00:02]} Kf5 {[%emt
0:00:02]} 49. Rg8 {[%emt 0:00:04]} Rc2+ {[%emt 0:00:00]} 50. Kg3 {[%emt 0:00:
01]} Re3# {[%emt 0:00:01]} 0-1